| 000 | 00617nam a2200193Ia 4500 | ||
|---|---|---|---|
| 020 | _a0406003483 (pbk.) | ||
| 040 | _cDGW | ||
| 082 | 0 | 4 | _a657 ADB 2008 C156 Or. |
| 100 | 1 | _aMascarenhas, Amyas | |
| 245 | 1 | 0 | _aAccounts and audit of pension schemes / |
| 250 | _aSecond edition | ||
| 300 |
_axiii, 322 pages ; _c25 cm |
||
| 500 | _aJoint 2nd edition of: Spicer and Pegler's accounts and audit of pension schemes and Pension scheme disclosure : a practical guide | ||
| 500 | _aIncludes index | ||
| 650 | 0 | _aPension trusts | |
| 650 | 0 | _aDisclosure in accounting | |
| 700 | 1 | _aSienkiewicz, Teresa | |
| 942 | _cAEDBB | ||
| 999 |
_c18969 _d18969 |
||